Martin Hattala 1821-1903 Súbor 21 fotopohľadníc

Bibliographic Details
Main Author: Chovan-Rehák, Juraj, 1931-2021 (Author)
Format: Book
Language:Slovak
PhysicalDescription:34 s. 20x14 cm.
Published: Martin Matica slovenská [vyd.] 1981
Edition:1. vyd.
Series:Metodika a propagácia. Fotosúbory
Subjects:

MARC

LEADER 00000nam a2200000 a 4500
001 vtls001196111
003 SK-MaSNL
005 20260413122235.0
008 250414s1981 xo o 0 slo
015 |a SNBE1982 
020 |q (brož.) 
035 |a SNK000139180 
040 |a SNK  |b slo  |c SNK  |e AACR2 
041 0 |a slo 
044 |a xo  |c SK 
080 |a 82(091):885.4"18"  |2 1981 
080 |a 821.162.4"18"  |2 2001 
080 |a 929 Hattala, Martin  |2 1981 
100 1 |a Chovan-Rehák, Juraj,  |d 1931-2021  |4 aut  |9 214722 
245 1 0 |a Martin Hattala 1821-1903  |b Súbor 21 fotopohľadníc  |c Juraj Chovan 
250 |a 1. vyd. 
260 |a Martin  |b Matica slovenská [vyd.]  |c 1981  |e Lipník nad Bečvou  |f Polygrafia 
300 |a 34 s.  |c 20x14 cm. 
490 0 |a Metodika a propagácia. Fotosúbory 
500 |a Fotosúbor. 3000 výtl. pre školy a osvetové zariadenia. 13 s. textu a 21 fot. v prebale. 
500 |a Úvod a scenár: Juraj Chovan. 
600 1 7 |a Hattala, Martin,  |d 1821-1903  |2 SNKPH  |9 115353 
650 0 7 |a [BIO]  |2 SNK  |9 283264 
655 7 |a fotosúbory  |2 SNK  |9 76380 
655 7 |a biografie  |2 SNKPH  |9 27965 
830 0 |a Metodika a propagácia. Fotosúbory  |9 286285 
852 |a Slovenská národná knižnica 
958 |a BQ 
958 |a LX 
958 |a TL 
958 |a OND 
999 |c 968366  |d 970296 
952 |a SNK  |b SNK  |y PREZ  |7 0  |p 17A0864129  |o snkSC 52743   |0 0  |1 0  |4 0  |d 2012-08-01  |l 0  |r 2026-02-24 10:42:49  |w 2026-02-24 
952 |t P60, <04>, [BOOK], {604}  |a SNK  |b SNK  |y VYP  |7 0  |p 17A0024571  |o snkSC 52743 D1  |0 0  |1 0  |4 0  |d 1996-12-05  |l 0  |r 2005-01-01 00:00:00  |w 2026-02-24 
952 |t P60, <04>, [BOOK], {604}  |a SNK  |b SNK  |y VYP  |7 0  |p 17A0376593  |o snkSC 52743 D2  |i snkD 380/81  |0 0  |1 0  |4 0  |d 2003-03-28  |l 0  |r 2005-01-01 00:00:00  |w 2026-02-24